| 000 | 00786ntaaa2200229 4500 | ||
|---|---|---|---|
| 003 | 01 | ||
| 005 | 20251027203117.0 | ||
| 008 | 0714s1973 ag 01 | ||
| 040 |
_aAR-BaBN _bspa _cAR-BaBN _eaacr _dRIC |
||
| 082 | _a286.1820 Or2i | ||
| 100 |
_aOrdonez, Carina _932589 |
||
| 245 | _aInforme final del Programa integrado para la Iglesia de El Talar | ||
| 250 | _a1 ed. | ||
| 260 |
_aBuenos Aires : _bSITB, _c1998 |
||
| 300 |
_avaria ; _cils.; 30 cm |
||
| 500 | _aPresentado al profesor Ignacio Loredo en cumplimiento parcial de los requisitos para la materia: "Ministerio de Administracion Eclesiastica" | ||
| 650 | _aIglesia Bautista El Talar. Buenos Aires, Arg. | ||
| 700 |
_aCastro, David A _932591 |
||
| 700 | _aKromm, Gabriela | ||
| 700 |
_aCarter, Omar _932593 |
||
| 942 | _cBK | ||
| 999 |
_c26518 _d26518 |
||